Rodina ako sociálna opora v procese eliminácie problémového správania u stredoškolskej mládeže

Salvato in:
Dettagli Bibliografici
Autore principale: Čokášová, Romana, 1984- (Autore)
Altri autori: Varela Cano, Diana Patricia, 1- (Relatore della tesi)
Natura: Manoscritto Libro
Lingua:slovacco
Pubblicazione: Trnava : STU v Bratislave MTF KIP, 2012
Soggetti:
Accesso online:VAIS
Tags: Aggiungi Tag
Nessun Tag, puoi essere il primo ad aggiungerne!!

MARC

LEADER 00000ntm a22000003a 4500
001 stu251603
005 20150617230202.5
008 120719s2012----xo------------------slo-d
040 |a STU  |b slo 
041 0 |a slo 
044 |a xo 
100 1 |a Čokášová, Romana,  |d 1984-  |4 aut  |u M  |T MTF Materiálovotechnologická fakulta  |X 44856  |U M  |Y 60  |7 A000044856 
242 0 0 |a The family as the social support in the process of elimination the problem behaviour of secondary youth  |y eng 
245 1 |a Rodina ako sociálna opora v procese eliminácie problémového správania u stredoškolskej mládeže 
260 |a Trnava :  |b STU v Bratislave MTF KIP,  |c 2012 
300 |a 65 s  |c príl 
650 7 |a učiteľstvo technických profesijných predmetov  |2 stusub 
650 7 |a Teaching Specific Engineering Subjects  |2 estusub 
650 7 |a rodina  |2 stusub 
700 1 |a Varela Cano, Diana Patricia,  |d 1-  |4 ths  |X 61777  |7 A000061777 
856 4 |a info a plný text  |u http://is.stuba.sk/zp/portal_zp.pl?podrobnosti=85073  |3 VAIS 
996 |c M*DP-10987  |l MMSKP  |s P  |a 0  |w stu251603_0001